Soznam obcí a miest Slovenskej republiky podľa dopravnej, poštovej sieti a verejnej správy
Salvato in:
| Autore principale: | |
|---|---|
| Altri autori: | |
| Natura: | Libro |
| Lingua: | slovacco |
| Pubblicazione: |
Liptovský Sv. Mikuláš
Tranoscius
1942
|
| Tags: |
Nessun Tag, puoi essere il primo ad aggiungerne!!
|
MARC
| LEADER | 00000nam a2200000 4500 | ||
|---|---|---|---|
| 001 | c116794 | ||
| 005 | 20221128071057.8 | ||
| 041 | 0 | |a slo | |
| 044 | |a SK | ||
| 245 | 1 | 0 | |a Soznam obcí a miest Slovenskej republiky podľa dopravnej, poštovej sieti a verejnej správy |c Ján Štípala, Vojtech Oberth |
| 264 | 1 | |a Liptovský Sv. Mikuláš |b Tranoscius |c 1942 | |
| 300 | |a 234 s. | ||
| 100 | 1 | |a Štípala, Ján | |
| 700 | 1 | |a Oberth, Vojtech | |